| 000 | 01478nam a22003017a 4500 | ||
|---|---|---|---|
| 999 |
_c170904 _d170904 |
||
| 003 | dpl | ||
| 005 | 20191230131326.0 | ||
| 008 | 180702b xxu||||| |||| 00| 0 eng d | ||
| 010 | _aB-192798 | ||
| 020 |
_c00.00 _a818639852X |
||
| 035 | _aB-192798 | ||
| 037 | _bCen Lib/Ret | ||
| 040 |
_aDPL _bHN _c0 |
||
| 082 |
_a907 _bमाथुर |
||
| 100 |
_aमाथुर, एस.के _9112105 |
||
| 245 |
_aइतिहास-लेखन की अवधारणा एवं आधुनिक विचारधाराएँ / _cएस.के. माथुर [और] डी.सी. त्रिपाठी |
||
| 246 |
_aItihas-lekhan ki avdharna evam adhunik vichardharyen / _bby S.K. Mathur [aur] D.C. Tripathi |
||
| 260 |
_aजयपुर _bरिसर्च पब्लिकेशन्स |
||
| 270 |
_a89, त्रिपोलिया बाज़ार _bजयपुर |
||
| 300 |
_aii,167पृ. _c21सेमी (सजिल्द) |
||
| 500 | _aसन्दर्भ सूची शामिल | ||
| 650 |
_aइतिहास -- मानव जाति का अतीत _9100471 |
||
| 650 |
_aइतिहास लेखन -- धार्मिक विचारधारा _982755 |
||
| 650 |
_aHistory -- Mankind's past _9100472 |
||
| 650 |
_aHistoriography - Religious ideology _9100473 |
||
| 700 |
_aत्रिपाठी, डी.एस. _944003 |
||
| 942 |
_2ddc _cHN _h907 _mमाथुर |
||